Property valuation and appraisal
Tallennettuna:
| Päätekijä: | |
|---|---|
| Aineistotyyppi: | Kirja |
| Kieli: | englanti |
| Julkaistu: |
Bon publication
2001
|
| Tagit: |
Lisää tagi
Ei tageja, Lisää ensimmäinen tagi!
|
MARC
| LEADER | 00000nam a22000007a 4500 | ||
|---|---|---|---|
| 008 | 210713b ||||| |||| 00| 0 eng d | ||
| 020 | |a 9783444388 | ||
| 100 | |a Kalu, I.U. | ||
| 245 | |a Property valuation and appraisal |c I.U. Kalu |g xiii,315p | ||
| 260 | |b Bon publication |c 2001 |h Nigeria |i 695949 |l HD 1389.5.K13 |m Residential real estate-valuation-Great Britain | ||
| 500 | |a It includes bibliography and index | ||
| 942 | |a lcc |c BK |e Olagoke,M.A. |f 13/07/2021 | ||
| 952 | |0 0 |1 0 |2 lcc |4 0 |6 HD13895 K13 |7 0 |9 2773 |a HOL |b HOL |c GJ |d 2021-07-13 |l 0 |o HD 1389.5.K13 |p 2021-6631 |r 2021-07-13 00:00:00 |w 2021-07-13 |y BK | ||
| 999 | |c 1445 |d 1445 | ||